Összes költöi művei. (Record no. 15332)

MARC details
000 -LEADER
fixed length control field 00607cam a22002171 4500
001 - CONTROL NUMBER
control field ca 17003897
003 - CONTROL NUMBER IDENTIFIER
control field DLC
005 - DATE AND TIME OF LATEST TRANSACTION
control field 20260227111106.0
008 - FIXED-LENGTH DATA ELEMENTS--GENERAL INFORMATION
fixed length control field 881018r1899uuuuhu 000 0 hun
010 ## - LIBRARY OF CONGRESS CONTROL NUMBER
LC control number ca 17003897
035 ## - SYSTEM CONTROL NUMBER
System control number (OCoLC)23563622
040 ## - CATALOGING SOURCE
Original cataloging agency DLC
Transcribing agency MiU
Modifying agency DLC
042 ## - AUTHENTICATION CODE
Authentication code premarc
050 00 - LIBRARY OF CONGRESS CALL NUMBER
Classification number PH3213
Item number .C85 1899
100 1# - MAIN ENTRY--PERSONAL NAME
Personal name Czuczor, Gergely,
Dates associated with a name 1800-1866.
245 00 - TITLE STATEMENT
Title Összes költöi művei.
250 ## - EDITION STATEMENT
Edition statement 1. teljes kiadás.
260 ## - PUBLICATION, DISTRIBUTION, ETC.
Place of publication, distribution, etc. Budapest,
Name of publisher, distributor, etc. Franklin-társulat,
Date of publication, distribution, etc. 1899.
300 ## - PHYSICAL DESCRIPTION
Extent 3 v.
Other physical details fronts. (v:1. 3;ports.) pl.
Dimensions 20 cm.
700 1# - ADDED ENTRY--PERSONAL NAME
Personal name Zoltvány, Irén,
Dates associated with a name 1859,
Relator term ed.

No items available.

Powered by Koha